تجار المدن والواحات الليبية خلال القرنين الثامن عشر والتاسع عشر الميلاديين = Traders in Libyian cities and oases during 18th and 19th centuries /
Saved in:
| 主要作者: | |
|---|---|
| 其他作者: | |
| 格式: | Thesis |
| 语言: | Arabic |
| 出版: |
Qahirah :
Jami'at al-Qahirah,
2009
|
| 主题: | |
| 标签: |
添加标签
没有标签, 成为第一个标记此记录!
|
| LEADER | 012710000a22002650004500 | ||
|---|---|---|---|
| 008 | 131028s2009 ua ab f 000 0 ara d | ||
| 040 | |a UIAM |b eng | ||
| 041 | |a ara | ||
| 050 | 0 | 0 | |a HF3917.L5 |
| 100 | 1 | |a حسين، سليمان أحمد | |
| 242 | 1 | 0 | |a Tujjar al-mudun wa-al-wahat al-Libiyah Khilal al-qarnayn al-thamin ashar wa-al-tasi' ashar al-miladiyin |
| 245 | 1 | 0 | |a تجار المدن والواحات الليبية خلال القرنين الثامن عشر والتاسع عشر الميلاديين |b = Traders in Libyian cities and oases during 18th and 19th centuries / |c سليمان أحمد حسين |
| 260 | |a Qahirah : |b Jami'at al-Qahirah, |c 2009 | ||
| 300 | |a 333 leaves : |b ill., map ; |c 30 cm. | ||
| 500 | |a "رسالة ماجستير" --On t.p. | ||
| 500 | |a Abstract in English and Arabic. | ||
| 502 | |a Thesis (M.A.)--Jami'at | ||
| 596 | |a 1 | ||
| 651 | 0 | |a Libya |x Commerce History |y 18th century | |
| 651 | 0 | |a Libya |x Commerce History |y 19th century | |
| 655 | |a Theses, Facsimile edition (Islamic) | ||
| 700 | 1 | |a Husayn, Sulaiman Ahmad | |
| 900 | |a arf-ls | ||
| 999 | |c 437707 |d 470137 | ||
| 952 | |0 0 |6 TI HF 003917 L5 H968T 2009 |7 0 |8 THESES |9 759214 |a IIUM |b IIUM |c MULTIMEDIA |g 0.00 |o ti HF 3917 L5 H968T 2009 |p 00011285473 |r 2017-10-23 |t 1 |v 0.00 |y THESIS | ||
